• 首页
  • 本馆介绍
  • 公告通知
  • 最新文献
  • 馆藏检索
  • 电子资源
  • 读者导购
  • 参考咨询
  • 我的图书馆
  • 登录
  • 详细信息显示
  • 放入我的书架
  • 预约/预借图书
  • 作者相关作品
  • 分类相关作品
  • 丛书相关作品
  • 出版社相关作品

书目信息

  • 表格格式
  • 工作单格式
  • 卡片格式
题名:
传播与全球话语权力转移
    
 
作者: 赵月枝 , 姬德强 主编
分册:  
出版信息: 北京   世界知识出版社  2019
页数: 176页
开本: 24cm
丛书名: 世知-贝壳国际传播·传媒书系
单 册:
中图分类: G206-53 , D81-53
科图分类:
主题词: 传播学--chuan bo xue--文集 , 国际关系--guo ji guan xi--文集
电子资源:
ISBN: 978-7-5012-6002-7
000 01451nam 2200337 450
001 012001003049
005 20131101134805.0
010    @a978-7-5012-6002-7@dCNY48.00
099    @aCAL 012019104759
100    @a20190723d2019 em y0chiy50 ea
101 0  @achi
102    @aCN@b110000
105    @aa a 000yy
106    @ar
200 1  @a传播与全球话语权力转移@Achuan bo yu quan qiu hua yu quan li zhuan yi@d= Communication and global power shifts@f赵月枝, 姬德强主编@zeng
210    @a北京@c世界知识出版社@d2019
215    @a176页@c图@d24cm
225 2  @a世知-贝壳国际传播·传媒书系@Ashi zhi - bei ke guo ji chuan bo ·chuan mei shu xi
300    @a本书获中国传媒大学中央高校基本科研业务费专项资金资助
320    @a有书目
330    @a本书精选了国外知名学者关于国际传播领域的11篇文章进行了翻译汇集成书。当下的“信息时代”会带来全世界政治、经济、社会权力结构的巨大变革, 知识成为除了经济、军事力量外的最重要的核心权力, 本书文章主要研究“信息时代”带来的全球传播如何作用于社会权利结构, 产生了怎样的影响, 人类社会应采取哪些措施趋利避害。
410  0 @12001 @a世知-贝壳国际传播·传媒书系
510 1  @aCommunication and global power shifts@zeng
606 0  @a传播学@Achuan bo xue@j文集
606 0  @a国际关系@Aguo ji guan xi@j文集
690    @aG206-53@v5
690    @aD81-53@v5
701  0 @a赵月枝@Azhao yue zhi@4主编
701  0 @a姬德强@Aji de qiang@4主编
801    @b江苏凤凰@c20191020
905    @b1231802-7@dG206-53@e765@f6
    
    传播与全球话语权力转移= Communication and global power shifts/赵月枝, 姬德强主编.-北京:世界知识出版社,2019
    176页:图;24cm.-(世知-贝壳国际传播·传媒书系)
    本书获中国传媒大学中央高校基本科研业务费专项资金资助
    
    ISBN 978-7-5012-6002-7:CNY48.00
    本书精选了国外知名学者关于国际传播领域的11篇文章进行了翻译汇集成书。当下的“信息时代”会带来全世界政治、经济、社会权力结构的巨大变革, 知识成为除了经济、军事力量外的最重要的核心权力, 本书文章主要研究“信息时代”带来的全球传播如何作用于社会权利结构, 产生了怎样的影响, 人类社会应采取哪些措施趋利避害。
●
相关链接 在E读中查询图书 在五车中查询图书 在当当中查询图书 在豆瓣中查询图书


正题名:传播与全球话语权力转移     索取号:G206-53/765         预约/预借

序号 登录号 条形码 馆藏地/架位号 状态 备注
1 1231802   212318026   第一样本阅览室/ [索取号:G206-53/765] 在馆    
2 1231803   212318035   教育系资料室/ [索取号:G206-53/765] 在馆    
3 1231804   212318044   教育系资料室/ [索取号:G206-53/765] 在馆    
4 1231805   212318053   教育系资料室/ [索取号:G206-53/765] 在馆    
5 1231806   212318062   第四借阅区/ [索取号:G206-53/765] 在馆    
6 1231807   212318071   第四借阅区/ [索取号:G206-53/765] 在馆    
唐山师范学院图书馆 欢迎您!
大连网信软件有限公司© 版权所有